Hướng dẫn thí nghiệm chuyên ngành vật liệu silicat
Spremljeno u:
| Format: | Knjiga |
|---|---|
| Jezik: | Undetermined |
| Izdano: |
Thành phố Hồ Chí Minh
Đại học Quốc gia Thành phố Hồ Chí Minh
2003
|
| Teme: | |
| Oznake: |
Dodaj oznaku
Bez oznaka, Budi prvi tko označuje ovaj zapis!
|
| Thư viện lưu trữ: | Trung tâm Học liệu Trường Đại học Cần Thơ |
|---|
| LEADER | 00654nam a2200181Ia 4500 | ||
|---|---|---|---|
| 001 | CTU_95547 | ||
| 008 | 210402s9999 xx 000 0 und d | ||
| 020 | |c 14000 | ||
| 082 | |a 549.6 | ||
| 082 | |b H561 | ||
| 245 | 0 | |a Hướng dẫn thí nghiệm chuyên ngành vật liệu silicat | |
| 245 | 0 | |c Trường Đại học Bách Khoa | |
| 260 | |a Thành phố Hồ Chí Minh | ||
| 260 | |b Đại học Quốc gia Thành phố Hồ Chí Minh | ||
| 260 | |c 2003 | ||
| 650 | |a Silicates | ||
| 904 | |i Vương,Hải (sửa số pl 549.6/Tr561 thành 549.6/H561) | ||
| 980 | |a Trung tâm Học liệu Trường Đại học Cần Thơ | ||